| 000 | 00482cam a2200181ua 4500 | ||
|---|---|---|---|
| 020 | _cRs 2.80 | ||
| 041 |
_amal _h |
||
| 082 |
_a894.812 803 55 _bKRI/IS |
||
| 100 | _aKrishnapillai, C R . | ||
| 245 |
_aUshakkulla Kathu / _cC R Krishnapillai. _hTextual Documents |
||
| 260 |
_a : _bJanatha Printing & Publishing Co. Pvt. Ltd , _c1956. |
||
| 300 | _a191 ; . | ||
| 365 | _aRs 2.80 | ||
| 504 | _a | ||
| 650 | _aTravelogue - Malayalam | ||
| 942 | _cBK | ||
| 999 |
_c535 _d535 |
||